| 000 | 02110nam a2200289 a 4500 | ||
|---|---|---|---|
| 005 | 20250329170944.0 | ||
| 006 | m d | ||
| 007 | cr cnu---uuuuu | ||
| 008 | 131210s2013 s 000 0 eng d | ||
| 020 | _a978-958-58167-1-8 | ||
| 040 |
_aCO-CtgCURN _bspa _ccoctgcurn |
||
| 082 | 0 | 4 |
_a333.318 _bC397 |
| 110 | 2 | _aCentro Nacional de Memoria Histórica. | |
| 245 | 1 | 3 |
_aLa política de reforma agraria y tierras en Colombia _h[electronic resource] : _bEsbozo de una memoria institucional / _cCentro Nacional de Memoria Histórica. |
| 250 | _aPrimera edición. | ||
| 260 |
_aBogotá : _bCentro Nacional de Memoria Histórica, _c2013. |
||
| 300 |
_a207 páginas . ; _c23 cm. |
||
| 500 | _a"Informe del Centro Nacional de Memoria Histórica"--Cubierta. | ||
| 504 | _aBibliografía: páginas 191-207. | ||
| 520 | 2 | _aEl documento se organiza en nueve capítulos, que se inician con las relaciones entre la reforma agraria, la política de tierras y el desarrollo rural, que simplemente recuerdan al lector unas diferencias necesarias para entender el ámbito de este esbozo de políticas. Continúa con algunos antecedentes y los contextos para luego ubicar temas específicos, como las razones o justificaciones de la reforma agraria; las visiones sobre el problema de tierras y los procesos reformistas; las evaluaciones de las políticas; las propuestas de políticas hasta el año 2010 y un relato sobre las políticas de restitución de tierras y los debates más contemporáneos sobre el tema de tierras que contempla las propuestas que vienen de las conversaciones de paz en La Habana. | |
| 650 | 1 | 4 | _aReforma agraria. |
| 650 | 2 | 4 | _aPolítica agricola. |
| 650 | 2 | 4 | _aDesarrollo agricola. |
| 856 | 7 |
_uhttps://unicurn.sharepoint.com/sites/biblioteca/Conservacin/Forms/AllItems.aspx?id=%2Fsites%2Fbiblioteca%2FConservacin%2Fkoha%2FLibros%2F978%2D958%2D58167%2D1%2D8%2Epdf&parent=%2Fsites%2Fbiblioteca%2FConservacin%2Fkoha%2FLibros&p=true&ga=1 _zClick para ver el texto completo |
|
| 942 |
_cCF _2ddc _h333.318 _iC397 |
||
| 999 |
_c7070 _d7070 |
||